000 00890cab a2200241 4500
001 ABS54006
008 090401t1995 xxu||||| |||| 00| 0 eng d
035 _a(Sirsi) u7844
041 _aeng
100 _aMansfield, J.R.
245 _aCompensation for tenants` improvements - no improvements on improvements
260 _c1995
350 _a0
490 _aRent Review & Lease Renewal
_v15(4) 1995, 7-11(5)
520 _aLooks at the controversial recommendations of the Law Commission`s report: "Landlord and tenant law: compensation for tenants` improvements"; the report proposes that the current statutory right to improvement compensation should be abolished. References.
650 _aCOMPENSATION
650 _aIMPROVEMENTS
650 _aLAW COMMISSION
650 _aTENANTS IMPROVEMENTS
690 _aPROPERTY-LANDLORD AND TENANT
942 _n0
948 _c04/03/1997
999 _c4773
_d4773